Les sous-préfectures sans .... ou avec... (3) - Statistiques

Statistiques générales
  • Ce quiz a été pris 25 fois
  • Le résultat moyen est 96 sur 138
Statistiques - réponses
Hint Réponse % Correct
Ne commence pas par N, ne termine pas par N mais avec au moins un N Aix-en-Provence
88%
Ne commence pas par N, ne termine pas par N mais avec au moins un N Argenteuil
88%
Ne commence pas par N, ne termine pas par N mais avec au moins un N Avranches
88%
Ne commence pas par N, ne termine pas par N mais avec au moins un N Bayonne
88%
Ne commence pas par N, ne termine pas par N mais avec au moins un N Beaune
88%
Ne commence pas par N, ne termine pas par N mais avec au moins un N Boulogne-Billancourt
88%
Ne commence pas par N, ne termine pas par N mais avec au moins un N Fontainebleau
88%
Ne commence pas par N, ne termine pas par N mais avec au moins un N Libourne
88%
Ne commence pas par N, ne termine pas par N mais avec au moins un N Pontivy
88%
Ne commence pas par M mais avec au moins un M Reims
88%
Ne commence pas par M mais avec au moins un M | Ne commence pas par N, ne termine pas par N mais avec au moins un N Saint-Malo
88%
Ne commence pas par M mais avec au moins un M | Ne commence pas par N, ne termine pas par N mais avec au moins un N Boulogne-sur-Mer
81%
Ne commence pas par N, ne termine pas par N mais avec au moins un N Cognac
81%
Ne commence pas par M mais avec au moins un M | Ne commence pas par N, ne termine pas par N mais avec au moins un N Compiègne
81%
Ne commence pas par M mais avec au moins un M | Ne commence pas par N, ne termine pas par N mais avec au moins un N Condom
81%
Ne commence pas par N, ne termine pas par N mais avec au moins un N Cosne-Cours-sur-Loire
81%
Ne commence pas par N, ne termine pas par N mais avec au moins un N Épernay
81%
Ne commence pas par N, ne termine pas par N mais avec au moins un N Les Sables-d'Olonne
81%
Ne commence pas par N, ne termine pas par N mais avec au moins un N Lorient
81%
Ne commence pas par M mais avec au moins un M Pamiers
81%
Ne commence pas par N, ne termine pas par N mais avec au moins un N Pontarlier
81%
Ne commence pas par N, ne termine pas par N mais avec au moins un N Saint-Denis
81%
Ne commence pas par N, ne termine pas par N mais avec au moins un N Saintes
81%
Ne commence pas par N, ne termine pas par N mais avec au moins un N Saint-Gaudens
81%
Ne commence pas par N, ne termine pas par N mais avec au moins un N Saverne
81%
Ne commence pas par N, ne termine pas par N mais avec au moins un N Soissons
81%
Ne commence pas par N, ne termine pas par N mais avec au moins un N Valenciennes
81%
Ne commence pas par M mais avec au moins un M | Ne commence pas par N, ne termine pas par N mais avec au moins un N Vendôme
81%
Ne commence pas par N, ne termine pas par N mais avec au moins un N Avesnes-sur-Helpe
75%
Ne commence pas par N, ne termine pas par N mais avec au moins un N Barcelonnette
75%
Ne commence pas par N, ne termine pas par N mais avec au moins un N Béthune
75%
Ne commence pas par N, ne termine pas par N mais avec au moins un N Bonneville
75%
Ne commence pas par N, ne termine pas par N mais avec au moins un N Castellane
75%
Ne commence pas par M mais avec au moins un M | Ne commence pas par N, ne termine pas par N mais avec au moins un N Clermont
75%
Ne commence pas par M mais avec au moins un M | Ne commence pas par N, ne termine pas par N mais avec au moins un N Guingamp
75%
Ne commence pas par N, ne termine pas par N mais avec au moins un N Largentière
75%
Ne commence pas par M mais avec au moins un M Lesparre-Médoc
75%
Ne commence pas par N, ne termine pas par N mais avec au moins un N Lunéville
75%
Ne commence pas par N, ne termine pas par N mais avec au moins un N Montbard
75%
Ne commence pas par N, ne termine pas par N mais avec au moins un N Montbéliard
75%
Ne commence pas par N, ne termine pas par N mais avec au moins un N Provins
75%
Ne commence pas par M mais avec au moins un M | Ne commence pas par N, ne termine pas par N mais avec au moins un N Saint-Germain-en-Laye
75%
Ne commence pas par M mais avec au moins un M | Ne commence pas par N, ne termine pas par N mais avec au moins un N Saint-Laurent-du-Maroni
75%
Ne commence pas par N, ne termine pas par N mais avec au moins un N Saint-Nazaire
75%
Ne commence pas par N, ne termine pas par N mais avec au moins un N Saint-Paul
75%
Ne commence pas par N, ne termine pas par N mais avec au moins un N Sarlat-la-Canéda
75%
Ne commence pas par M mais avec au moins un M Saumur
75%
Ne commence pas par N, ne termine pas par N mais avec au moins un N Sens
75%
Ne commence pas par N, ne termine pas par N mais avec au moins un N Thionville
75%
Ne commence pas par N, ne termine pas par N mais avec au moins un N Vienne
75%
Ne commence pas par N, ne termine pas par N mais avec au moins un N Villefranche-sur-Saône
75%
Ne commence pas par M mais avec au moins un M Ambert
69%
Ne commence pas par N, ne termine pas par N mais avec au moins un N Bagnères-de-Bigorre
69%
Ne commence pas par N, ne termine pas par N mais avec au moins un N Bernay
69%
Ne commence pas par N, ne termine pas par N mais avec au moins un N Carpentras
69%
Ne commence pas par N, ne termine pas par N mais avec au moins un N Châteaubriant
69%
Ne commence pas par M mais avec au moins un M | Ne commence pas par N, ne termine pas par N mais avec au moins un N Château-Gontier-sur-Mayenne
69%
Ne commence pas par M mais avec au moins un M Commercy
69%
Ne commence pas par N, ne termine pas par N mais avec au moins un N Confolens
69%
Ne commence pas par N, ne termine pas par N mais avec au moins un N Coutances
69%
Ne commence pas par M mais avec au moins un M Étampes
69%
Ne commence pas par M mais avec au moins un M | Ne commence pas par N, ne termine pas par N mais avec au moins un N Fontenay-le-Comte
69%
Ne commence pas par N, ne termine pas par N mais avec au moins un N Lens
69%
Ne commence pas par N, ne termine pas par N mais avec au moins un N Les Andelys
69%
Ne commence pas par M mais avec au moins un M Limoux
69%
Ne commence pas par N, ne termine pas par N mais avec au moins un N Louhans
69%
Ne commence pas par N, ne termine pas par N mais avec au moins un N Marmande
69%
Ne commence pas par N, ne termine pas par N mais avec au moins un N Mirande
69%
Ne commence pas par M mais avec au moins un M | Ne commence pas par N, ne termine pas par N mais avec au moins un N Oloron-Sainte-Marie
69%
Ne commence pas par N, ne termine pas par N mais avec au moins un N Parthenay
69%
Ne commence pas par M mais avec au moins un M Rambouillet
69%
Ne commence pas par N, ne termine pas par N mais avec au moins un N Saint-Flour
69%
Ne commence pas par N, ne termine pas par N mais avec au moins un N Saint-Girons
69%
Ne commence pas par M mais avec au moins un M | Ne commence pas par N, ne termine pas par N mais avec au moins un N Saint-Jean-de-Maurienne
69%
Ne commence pas par N, ne termine pas par N mais avec au moins un N Saint-Julien-en-Genevois
69%
Ne commence pas par M mais avec au moins un M | Ne commence pas par N, ne termine pas par N mais avec au moins un N Saint-Omer
69%
Ne commence pas par N, ne termine pas par N mais avec au moins un N Saint-Pierre
69%
Ne commence pas par M mais avec au moins un M | Ne commence pas par N, ne termine pas par N mais avec au moins un N Sarreguemines
69%
Ne commence pas par N, ne termine pas par N mais avec au moins un N Sartène
69%
Ne commence pas par N, ne termine pas par N mais avec au moins un N Senlis
69%
Ne commence pas par N, ne termine pas par N mais avec au moins un N Thonon-les-Bains
69%
Ne commence pas par N, ne termine pas par N mais avec au moins un N Tournon-sur-Rhône
69%
Ne commence pas par N, ne termine pas par N mais avec au moins un N Vervins
69%
Ne commence pas par N, ne termine pas par N mais avec au moins un N Brignoles
63%
Ne commence pas par N, ne termine pas par N mais avec au moins un N Jonzac
63%
Ne commence pas par N, ne termine pas par N mais avec au moins un N Le Blanc
63%
Ne commence pas par N, ne termine pas par N mais avec au moins un N Le Raincy
63%
Ne commence pas par N, ne termine pas par N mais avec au moins un N Mantes-la-Jolie
63%
Ne commence pas par N, ne termine pas par N mais avec au moins un N Pointe-à-Pitre
63%
Ne commence pas par M mais avec au moins un M Riom
63%
Ne commence pas par M mais avec au moins un M | Ne commence pas par N, ne termine pas par N mais avec au moins un N Romorantin-Lanthenay
63%
Ne commence pas par M mais avec au moins un M | Ne commence pas par N, ne termine pas par N mais avec au moins un N Saint-Amand-Montrond
63%
Ne commence pas par N, ne termine pas par N mais avec au moins un N Saint-Georges
63%
Ne commence pas par N, ne termine pas par N mais avec au moins un N Saint-Jean-d'Angély
63%
Ne commence pas par N, ne termine pas par N mais avec au moins un N Villefranche-de-Rouergue
63%
Ne commence pas par N, ne termine pas par N mais avec au moins un N Villeneuve-sur-Lot
63%
Ne commence pas par N, ne termine pas par N mais avec au moins un N Vitry-le-François
63%
Ne commence pas par N, ne termine pas par N mais avec au moins un N Antony
56%
Ne commence pas par N, ne termine pas par N mais avec au moins un N Chalon-sur-Saône
56%
Ne commence pas par N, ne termine pas par N mais avec au moins un N Langres
56%
Ne commence pas par N, ne termine pas par N mais avec au moins un N Mayenne
56%
Ne commence pas par N, ne termine pas par N mais avec au moins un N Montargis
56%
Ne commence pas par N, ne termine pas par N mais avec au moins un N Montdidier
56%
Ne commence pas par N, ne termine pas par N mais avec au moins un N Montreuil-sur-Mer
56%
Ne commence pas par N, ne termine pas par N mais avec au moins un N Péronne
56%
Ne commence pas par N, ne termine pas par N mais avec au moins un N Roanne
56%
Ne commence pas par N, ne termine pas par N mais avec au moins un N Saint-Benoît
56%
Ne commence pas par N, ne termine pas par N mais avec au moins un N Saint-Claude
56%
Ne commence pas par N, ne termine pas par N mais avec au moins un N Saint-Dizier
56%
Ne commence pas par M mais avec au moins un M Cambrai
50%
Ne commence pas par M mais avec au moins un M Clamecy
50%
Ne commence pas par N, ne termine pas par N mais avec au moins un N La Trinité
50%
Ne commence pas par M mais avec au moins un M Le Marin
50%
Ne commence pas par N, ne termine pas par N mais avec au moins un N Mortagne-au-Perche
50%
Ne commence pas par N, ne termine pas par N mais avec au moins un N Saint-Dié-des-Vosges
50%
Ne commence pas par N, ne termine pas par N mais avec au moins un N Segré-en-Anjou Bleu
50%
Ne commence pas par M mais avec au moins un M Nogent-sur-Marne
44%
Ne commence pas par M mais avec au moins un M | Ne commence pas par N, ne termine pas par N mais avec au moins un N Vire Normandie
44%
Ne commence pas par N, ne termine pas par N mais avec au moins un N Pontoise
31%
Ne commence pas par N, ne termine pas par N mais avec au moins un N Draguignan
6%
Aucun quiz correspondant
Distribution des résultats
% des personnes avec chaque résultat
Percentile par nombre de réponses
Votre historique - résultats
Vous n’avez pas pris ce quiz